| 000 | 00713nam a2200217 a4500 | ||
|---|---|---|---|
| 001 | 21201 | ||
| 003 | CZ PrNK | ||
| 005 | 20260224145109.0 | ||
| 007 | ta | ||
| 008 | 230725s1943 xo e 000 0 slo | ||
| 020 | _q(Váz.) | ||
| 040 |
_aABA001 _bcze |
||
| 100 | 1 |
_aKukučín, Martin, _d1860-1928 _4aut |
|
| 245 | 1 | 0 |
_aMať volá : _bohlasy z obce roztratených : román / _cMartin Kukučín |
| 260 |
_aV Turčianskom Svätom Martine : _bMatica slovenská, _c1943 |
||
| 300 |
_a5 sv. (247; 150; 199; 190; 298 s.) ; _c19 cm |
||
| 490 | 1 |
_aSobrané spisy Martina Kukučína ; _vsv. 28-32 |
|
| 800 | 1 |
_aKukučín, Martin, _d1860-1928. _tSobrané spisy (Matica Slovenská) |
|
| 910 | _aABA001 | ||
| 942 |
_2ddc _cKLDO _n0 |
||
| 999 |
_c21201 _d21201 |
||